000 00355nam a2200133Ia 4500
005 20260328101508.0
008 260328s9999||||xx |||||||||||||| ||und||
100 _aThompson, Rob
245 0 _aManufacturing processes for Design professionals /
_cRob Thompson
260 _bThames & Hudson
300 _a528 p.
650 _aDISEÑO INDUSTRIAL
942 _cBK
999 _c9083
_d9083